[Event "OPEN A - XVII MIEDZYNARODOWY FESTIWAL SZ"]
[Site "Rewal"]
[Date "2012.??.??"]
[Round "5.13"]
[White "Mitura, Vaclav"]
[Black "Kasparova, Tatiana"]
[Result "1/2-1/2"]
[WhiteElo "2169"]
[BlackElo "2109"]
[PlyCount "53"]
[EventDate "2012.??.??"]

1. d4 Nf6 2. c4 c5 3. d5 b5 4. cxb5 a6 5. bxa6 g6 6. Nc3 Bxa6 7. g3 d6 8. Bg2
Bg7 9. Nf3 Nbd7 10. Rb1 Qa5 11. O-O O-O 12. Qc2 Nb6 13. Bd2 Nc4 14. Be1 Rfb8
15. Nd2 Ne5 16. Nf3 Nfd7 17. Nxe5 Nxe5 18. b3 Qa3 19. Bd2 c4 20. Rfc1 Nd7 21.
bxc4 Bxc4 22. Rxb8+ Rxb8 23. Nb1 Qxa2 24. Qxc4 Qxc4 25. Rxc4 Rxb1+ 26. Rc1
Rxc1+ 27. Bxc1 1/2-1/2

[Event "OPEN A - XVII MIEDZYNARODOWY FESTIWAL SZ"]
[Site "Rewal"]
[Date "2012.??.??"]
[Round "5.14"]
[White "Janus, Przemyslaw"]
[Black "Kasperek, Joanna"]
[Result "1/2-1/2"]
[WhiteElo "2149"]
[BlackElo "2018"]
[PlyCount "27"]
[EventDate "2012.??.??"]

1. d4 Nf6 2. c4 c5 3. d5 b5 4. cxb5 a6 5. b6 d6 6. Nc3 Nbd7 7. e4 Nxb6 8. h3 g6
9. Nf3 Bg7 10. Nd2 O-O 11. a4 Qc7 12. a5 Nbd7 13. Nc4 Rb8 14. Bd3 1/2-1/2

[Event "OPEN A - XVII MIEDZYNARODOWY FESTIWAL SZ"]
[Site "Rewal"]
[Date "2012.??.??"]
[Round "5.15"]
[White "Paszewski, Mateusz"]
[Black "Miturova, Magdalena"]
[Result "1/2-1/2"]
[WhiteElo "2066"]
[BlackElo "2139"]
[PlyCount "47"]
[EventDate "2012.??.??"]

1. c4 e5 2. g3 Nf6 3. Bg2 d5 4. cxd5 Nxd5 5. Nf3 Nc6 6. O-O Nb6 7. Nc3 Be7 8.
d3 O-O 9. Be3 Be6 10. Rc1 f5 11. Na4 Nxa4 12. Qxa4 Bf6 13. Rfd1 Bd5 14. Bc5 Rf7
15. e4 Be6 16. d4 Nxd4 17. Nxd4 exd4 18. exf5 Bxf5 19. Bxd4 Bxd4 20. Rxd4 Qg5
21. Re1 c6 22. f4 Qf6 23. Qd1 Re7 24. Rd8+ 1/2-1/2

[Event "OPEN A - XVII MIEDZYNARODOWY FESTIWAL SZ"]
[Site "Rewal"]
[Date "2012.??.??"]
[Round "5.16"]
[White "Warakomska, Anna"]
[Black "Andrzejewska, Anna"]
[Result "1/2-1/2"]
[WhiteElo "2136"]
[BlackElo "1990"]
[PlyCount "70"]
[EventDate "2012.??.??"]

1. e4 e5 2. Nf3 Nc6 3. Bb5 a6 4. Bxc6 dxc6 5. O-O Qd6 6. Na3 Be6 7. Qe2 f6 8.
Nc4 Qd7 9. Ne3 O-O-O 10. Rd1 c5 11. a3 Ne7 12. b4 Nc6 13. b5 axb5 14. Qxb5 Nd4
15. Qxd7+ Rxd7 16. Kf1 g6 17. Bb2 Bh6 18. Rac1 Rhd8 19. Ke1 c4 20. Ng1 f5 21.
exf5 gxf5 22. Bxd4 exd4 23. Nf1 c3 24. Ra1 Bc4 25. f3 cxd2+ 26. Nxd2 Re7+ 27.
Kf2 Be3+ 28. Kg3 Rf8 29. Kh3 Be6 30. g3 f4+ 31. Kg2 fxg3 32. hxg3 Ref7 33. Ne2
Bf5 34. Ne4 Bxe4 35. fxe4 c5 1/2-1/2

[Event "OPEN A - XVII MIEDZYNARODOWY FESTIWAL SZ"]
[Site "Rewal"]
[Date "2012.??.??"]
[Round "5.17"]
[White "Puczylowski, Marcin"]
[Black "Palosz, Andrzej"]
[Result "1/2-1/2"]
[WhiteElo "1984"]
[BlackElo "2159"]
[PlyCount "21"]
[EventDate "2012.??.??"]

1. d4 Nf6 2. c4 g6 3. Nc3 d5 4. cxd5 Nxd5 5. e3 Bg7 6. g3 Nxc3 7. bxc3 c5 8.
Bg2 O-O 9. Nf3 Nc6 10. O-O Bg4 11. h3 1/2-1/2

[Event "OPEN A - XVII MIEDZYNARODOWY FESTIWAL SZ"]
[Site "Rewal"]
[Date "2012.??.??"]
[Round "5.18"]
[White "Siedlinski, Piotr"]
[Black "Czajkowski, Adam"]
[Result "1/2-1/2"]
[WhiteElo "2092"]
[BlackElo "1911"]
[PlyCount "66"]
[EventDate "2012.??.??"]

1. e4 c5 2. Nf3 e6 3. d4 cxd4 4. Nxd4 a6 5. Bd3 Nc6 6. Nb3 Nf6 7. Nc3 b5 8. O-O
Bb7 9. Bf4 d6 10. Re1 Be7 11. Qf3 Qc7 12. Qh3 O-O 13. Re3 Ne5 14. a3 Ng6 15.
Bg5 h6 16. Bxf6 Bxf6 17. Bf1 Rad8 18. Rd1 Qb6 19. g3 d5 20. exd5 exd5 21. Ree1
Ne5 22. Nd4 Bc8 23. Qg2 Bg4 24. Be2 Be6 25. Nxe6 fxe6 26. Bd3 Ng4 27. Rd2 Bxc3
28. bxc3 Rfe8 29. Qh3 Nf6 30. Bg6 Re7 31. Rde2 Ne4 32. Bxe4 dxe4 33. Rxe4 Rd2
1/2-1/2

[Event "OPEN A - XVII MIEDZYNARODOWY FESTIWAL SZ"]
[Site "Rewal"]
[Date "2012.??.??"]
[Round "5.19"]
[White "Popiol, Michal"]
[Black "Zochowski, Kacper"]
[Result "1-0"]
[WhiteElo "1870"]
[BlackElo "2073"]
[PlyCount "105"]
[EventDate "2012.??.??"]

1. a3 c5 2. Nf3 Nf6 3. g3 d5 4. Bg2 Nc6 5. O-O Bf5 6. d3 e6 7. Nbd2 Be7 8. c4
O-O 9. Nh4 Bg4 10. h3 Bh5 11. g4 Bg6 12. Nxg6 hxg6 13. b3 Qd6 14. Bb2 Bd8 15.
cxd5 exd5 16. f4 d4 17. Nc4 Qd7 18. b4 cxb4 19. axb4 Nxb4 20. Qa4 Qxa4 21. Rxa4
Nc2 22. Rc1 Ne3 23. Nxe3 dxe3 24. Ba3 Re8 25. Bxb7 Rb8 26. Bc6 Re6 27. Rxa7 Bb6
28. Ra6 Bc7 29. f5 gxf5 30. gxf5 Re5 31. Bf3 Ra5 32. Rxa5 Bxa5 33. Kg2 Kh7 34.
Bd6 Re8 35. Ra1 Bb6 36. Ra4 Ng8 37. Ra8 Nf6 38. Rxe8 Nxe8 39. Be5 f6 40. Bf4 g5
41. fxg6+ Kxg6 42. Bc6 Ng7 43. Kf3 Ne6 44. Be8+ Kg7 45. Bxe3 Ng5+ 46. Bxg5 fxg5
47. Ke4 Kf6 48. Bd7 Bf2 49. d4 Ke7 50. Bg4 Kd6 51. Kd3 Bg1 52. e4 Bh2 53. Ke3
1-0

[Event "OPEN A - XVII MIEDZYNARODOWY FESTIWAL SZ"]
[Site "Rewal"]
[Date "2012.??.??"]
[Round "5.20"]
[White "Swiderski, Radoslaw"]
[Black "Golek, Jagoda"]
[Result "1-0"]
[WhiteElo "1934"]
[BlackElo "2061"]
[PlyCount "87"]
[EventDate "2012.??.??"]

1. e4 Nf6 2. e5 Nd5 3. d4 d6 4. Nf3 Bg4 5. Be2 e6 6. O-O Be7 7. c4 Nb6 8. exd6
cxd6 9. Nc3 O-O 10. a4 a5 11. b3 N6d7 12. Bf4 Nf6 13. h3 Bh5 14. Re1 Qb6 15.
Nb5 Na6 16. Rc1 Rac8 17. Nd2 Bg6 18. Nb1 Nb4 19. N1a3 Ne4 20. c5 Qd8 21. Nc4
dxc5 22. Bf3 Nd5 23. Bxe4 Nxf4 24. Bxb7 Nd3 25. Bxc8 Nxc1 26. Qxc1 Qxc8 27.
Nxa5 cxd4 28. Nc6 Bf6 29. Ncxd4 Qb8 30. Nc6 Qb6 31. Qc4 h6 32. a5 Qa6 33. Na3
Qxc4 34. Nxc4 Rc8 35. N6e5 Bc2 36. b4 Bb3 37. Nb6 Rc7 38. a6 Ra7 39. b5 Bd8 40.
Rb1 Bxb6 41. Rxb3 Ra8 42. Nd7 Bd4 43. Ra3 Ra7 44. b6 1-0

[Event "OPEN A - XVII MIEDZYNARODOWY FESTIWAL SZ"]
[Site "Rewal"]
[Date "2012.??.??"]
[Round "5.21"]
[White "Jalowiec, Halina"]
[Black "Bes, Michal"]
[Result "1-0"]
[WhiteElo "2046"]
[BlackElo "1977"]
[PlyCount "77"]
[EventDate "2012.??.??"]

1. e4 Nf6 2. Nc3 d5 3. e5 Ne4 4. d4 Nxc3 5. bxc3 Bf5 6. Nf3 e6 7. Be2 c5 8. O-O
c4 9. Bg5 Qa5 10. Qd2 Nd7 11. a4 Nb6 12. Rfb1 Rb8 13. Nh4 Bg6 14. f4 Be4 15.
Nf3 Nxa4 16. Bh4 Bxf3 17. Bxf3 b5 18. Be1 g6 19. g4 h5 20. gxh5 gxh5 21. f5 Kd7
22. Kh1 Bh6 23. Qf2 Bg5 24. Qg2 Rbg8 25. fxe6+ fxe6 26. Bxd5 Be3 27. Bxe6+ Kxe6
28. Qh3+ Rg4 29. Qxe3 b4 30. Qf3 Rf8 31. Qc6+ Ke7 32. Bg3 Qb6 33. Qd6+ Ke8 34.
Rxa4 Qb7+ 35. d5 b3 36. cxb3 Qh7 37. Qb8+ Kf7 38. Rxa7+ Kg8 39. Qxf8+ 1-0

[Event "OPEN A - XVII MIEDZYNARODOWY FESTIWAL SZ"]
[Site "Rewal"]
[Date "2012.??.??"]
[Round "5.22"]
[White "Poswiatowski, Michal"]
[Black "Karwowski, Kacper"]
[Result "1/2-1/2"]
[WhiteElo "2008"]
[BlackElo "1864"]
[PlyCount "47"]
[EventDate "2012.??.??"]

1. e4 c5 2. Nf3 Nc6 3. d4 cxd4 4. Nxd4 e6 5. Nc3 a6 6. Be3 Qc7 7. Bd3 Nf6 8.
O-O h5 9. h3 Bd6 10. Qd2 Nxd4 11. Bxd4 Bh2+ 12. Kh1 Bf4 13. Be3 Bxe3 14. Qxe3
Ng4 15. Qg3 Qxg3 16. fxg3 Ne5 17. Na4 d6 18. Nb6 Rb8 19. a4 Bd7 20. a5 Bc6 21.
Kg1 Ke7 22. Rfe1 g6 23. Nc4 Nxc4 24. Bxc4 1/2-1/2

[Event "OPEN A - XVII MIEDZYNARODOWY FESTIWAL SZ"]
[Site "Rewal"]
[Date "2012.??.??"]
[Round "5.23"]
[White "Smal, Tobiasz"]
[Black "Kamieniecki, Tomasz"]
[Result "0-1"]
[WhiteElo "1843"]
[BlackElo "1992"]
[PlyCount "76"]
[EventDate "2012.??.??"]

1. e4 Nf6 2. e5 Nd5 3. d4 d6 4. c4 Nb6 5. f4 Bf5 6. Nf3 e6 7. Nc3 dxe5 8. fxe5
Nc6 9. Be3 Be7 10. d5 exd5 11. cxd5 Nb4 12. Nd4 Bg6 13. Bb5+ Kf8 14. O-O Kg8
15. Qf3 N4xd5 16. Bd3 Nxe3 17. Bxg6 f6 18. Ne6 Qd7 19. Qxe3 hxg6 20. exf6 Bxf6
21. Rad1 Qe7 22. Ne4 Re8 23. Nxf6+ gxf6 24. Qg3 g5 25. Rde1 Nc4 26. Nd4 Ne5 27.
Nf3 Kg7 28. Nxe5 Qc5+ 29. Kh1 Rxe5 30. Rxe5 Qxe5 31. Qxe5 fxe5 32. Rc1 c6 33.
Kg1 Kf6 34. h3 Rd8 35. Rc2 e4 36. Kf2 Rd3 37. g3 Ke5 38. Rc5+ Kd4 0-1

[Event "OPEN A - XVII MIEDZYNARODOWY FESTIWAL SZ"]
[Site "Rewal"]
[Date "2012.??.??"]
[Round "5.24"]
[White "Lewtak, Dominik"]
[Black "Koitka, Jakub"]
[Result "0-1"]
[WhiteElo "1776"]
[BlackElo "1973"]
[PlyCount "44"]
[EventDate "2012.??.??"]

1. e4 c5 2. Nf3 a6 3. c3 Nf6 4. e5 Nd5 5. d4 cxd4 6. cxd4 Nc6 7. Bc4 Nb6 8. Bb3
d5 9. O-O Bg4 10. Be3 e6 11. h3 Bh5 12. Nc3 Be7 13. Rc1 O-O 14. g4 Bg6 15. Ne1
f6 16. f4 fxe5 17. fxe5 Rxf1+ 18. Kxf1 Na5 19. Kg2 Nac4 20. Bxc4 Nxc4 21. Qe2
Nxe3+ 22. Qxe3 Bg5 0-1

[Event "OPEN A - XVII MIEDZYNARODOWY FESTIWAL SZ"]
[Site "Rewal"]
[Date "2012.??.??"]
[Round "5.25"]
[White "Starczewska, Dominika"]
[Black "Cyboran, Katarzyna"]
[Result "1/2-1/2"]
[WhiteElo "1971"]
[BlackElo "1773"]
[PlyCount "22"]
[EventDate "2012.??.??"]

1. e4 c5 2. Nf3 e6 3. d4 cxd4 4. Nxd4 a6 5. c4 Nf6 6. Bd3 b6 7. O-O Bb7 8. Bg5
d6 9. Nc3 Be7 10. Qe2 Qc7 11. Be3 Nbd7 1/2-1/2

[Event "OPEN A - XVII MIEDZYNARODOWY FESTIWAL SZ"]
[Site "Rewal"]
[Date "2012.??.??"]
[Round "5.26"]
[White "Gabrys, Sebastian"]
[Black "Gorol, Jacek"]
[Result "1-0"]
[WhiteElo "1790"]
[BlackElo "1757"]
[PlyCount "71"]
[EventDate "2012.??.??"]

1. e4 d6 2. d4 Nf6 3. Nc3 g6 4. Bc4 Bg7 5. Nf3 O-O 6. O-O Nc6 7. d5 Nb8 8. Re1
Bg4 9. h3 Bxf3 10. Qxf3 Nbd7 11. Bb3 a6 12. Bg5 Nh5 13. Qe3 b5 14. g4 Nhf6 15.
Ne2 h5 16. gxh5 Nxh5 17. Bh6 Bxh6 18. Qxh6 Ne5 19. Qe3 Kg7 20. f4 Nd7 21. Nd4
Nc5 22. f5 Nxb3 23. axb3 Rh8 24. fxg6 Kxg6 25. Kh2 Kg7 26. Qf3 Nf6 27. Nc6 Qd7
28. Rg1+ Kf8 29. Raf1 e5 30. dxe6 Qxe6 31. Nd4 Qe5+ 32. Rg3 Qxd4 33. e5 Qe4 34.
Qxf6 Rh7 35. exd6 Re8 36. d7 1-0

[Event "OPEN A - XVII MIEDZYNARODOWY FESTIWAL SZ"]
[Site "Rewal"]
[Date "2012.??.??"]
[Round "5.27"]
[White "Grabarczyk, Sylwester Piotr"]
[Black "Malinowski, Damian"]
[Result "1-0"]
[WhiteElo "1743"]
[BlackElo "1827"]
[PlyCount "68"]
[EventDate "2012.??.??"]

1. e4 c6 2. d4 d5 3. Nc3 dxe4 4. Nxe4 Bf5 5. Ng3 Bg6 6. Nf3 Nd7 7. Be2 e6 8.
O-O Bd6 9. Be3 Qc7 10. c4 Ngf6 11. Rc1 Ng4 12. Bg5 h6 13. Bd2 Ngf6 14. b4 O-O
15. a4 Rad8 16. b5 c5 17. a5 cxd4 18. Nxd4 Ba3 19. b6 Qc8 20. bxa7 Bxc1 21.
Qxc1 Nc5 22. Be3 Nfe4 23. Qa3 f5 24. Nxe4 Nxe4 25. a8=Q Qxa8 26. Nxe6 Rf6 27.
Nxd8 Qxd8 28. Rd1 Rd6 29. Rxd6 Qxd6 30. Qxd6 Nxd6 31. c5 Nf7 32. Bc4 f4 33.
Bxf4 Be4 34. Bd6 Bc6 1-0

[Event "OPEN A - XVII MIEDZYNARODOWY FESTIWAL SZ"]
[Site "Rewal"]
[Date "2012.??.??"]
[Round "6.1"]
[White "Kasparov, Sergey"]
[Black "Cyborowski, Lukasz"]
[Result "1/2-1/2"]
[WhiteElo "2490"]
[BlackElo "2546"]
[PlyCount "56"]
[EventDate "2012.??.??"]

1. e4 c5 2. Nf3 e6 3. d4 cxd4 4. Nxd4 a6 5. Bd3 Nf6 6. O-O e5 7. Nf3 Nc6 8. Bg5
Bc5 9. Nc3 h6 10. Bxf6 Qxf6 11. Nd5 Qd8 12. c3 O-O 13. b4 Ba7 14. Bc4 d6 15.
Qd3 Kh8 16. Rad1 f5 17. Nd2 f4 18. a4 a5 19. Nf3 axb4 20. Nxb4 Bc5 21. Nxc6
bxc6 22. Nxe5 Qe8 23. Nf3 Rxa4 24. Ra1 Rxa1 25. Rxa1 Be6 26. h3 Qf7 27. Bxe6
Qxe6 28. Re1 Ra8 1/2-1/2

[Event "OPEN A - XVII MIEDZYNARODOWY FESTIWAL SZ"]
[Site "Rewal"]
[Date "2012.??.??"]
[Round "6.2"]
[White "Malaniuk, Vladimir P"]
[Black "Warakomski, Tomasz"]
[Result "1/2-1/2"]
[WhiteElo "2523"]
[BlackElo "2491"]
[PlyCount "41"]
[EventDate "2012.??.??"]

1. d4 Nf6 2. c4 e6 3. Nc3 Bb4 4. Qc2 O-O 5. a3 Bxc3+ 6. Qxc3 b5 7. cxb5 c6 8.
Bg5 cxb5 9. e3 Bb7 10. f3 a6 11. Bd3 Nc6 12. Ne2 Rc8 13. Qd2 h6 14. Bh4 Ne4 15.
Bxd8 Nxd2 16. Kxd2 Rfxd8 17. b4 Ne7 18. a4 bxa4 19. Rxa4 Nd5 20. Rb1 Rb8 21. b5
1/2-1/2

[Event "OPEN A - XVII MIEDZYNARODOWY FESTIWAL SZ"]
[Site "Rewal"]
[Date "2012.??.??"]
[Round "6.3"]
[White "Klim, Kamil"]
[Black "Sieciechowicz, Marcin"]
[Result "1/2-1/2"]
[WhiteElo "2357"]
[BlackElo "2441"]
[PlyCount "133"]
[EventDate "2012.??.??"]

1. d4 Nf6 2. c4 g6 3. Nc3 d5 4. cxd5 Nxd5 5. e4 Nxc3 6. bxc3 Bg7 7. Bc4 c5 8.
Ne2 Nc6 9. Be3 O-O 10. O-O Na5 11. Bd3 b6 12. Qd2 e5 13. Bh6 cxd4 14. cxd4 exd4
15. Bxg7 Kxg7 16. f4 f6 17. f5 Nc6 18. Nf4 Ne5 19. Rac1 g5 20. Nd5 Rf7 21. Bb5
Bb7 22. Qxd4 Bxd5 23. exd5 Qd6 24. Rc3 Rd8 25. Rd1 Rc7 26. Rxc7+ Qxc7 27. d6
Qc2 28. a4 Nf7 29. d7 Qxf5 30. h3 Qc2 31. Kh1 Qc5 32. Qxc5 bxc5 33. Rd5 c4 34.
Bxc4 Kf8 35. Bb5 Ke7 36. Rc5 Nd6 37. Bc6 Rb8 38. Rc1 Nf7 39. Bb5 Nd8 40. Rc8
Rb6 41. Ra8 a6 42. Rxa6 Rxa6 43. Bxa6 Kxd7 44. Bd3 h5 45. Kg1 Nb7 46. Kf2 Kd6
47. Bg6 h4 48. Kf3 Ke5 49. Kg4 Na5 50. Be8 Nc4 51. Bb5 Ne3+ 52. Kf3 Nf5 53. Kf2
Nd4 54. Bc4 Nc6 55. Ke3 f5 56. Bb5 Na5 57. Bd7 Nb7 58. Bc8 Nd6 59. Ba6 g4 60.
a5 f4+ 61. Kf2 Ne4+ 62. Kg1 gxh3 63. gxh3 Kd6 64. Kg2 Ng5 65. Bf1 Kc7 66. Bd3
Kb7 67. Bf1 1/2-1/2

[Event "OPEN A - XVII MIEDZYNARODOWY FESTIWAL SZ"]
[Site "Rewal"]
[Date "2012.??.??"]
[Round "6.4"]
[White "Scibior, Adam"]
[Black "Weichhold, Pawel"]
[Result "1-0"]
[WhiteElo "2202"]
[BlackElo "2365"]
[PlyCount "59"]
[EventDate "2012.??.??"]

1. Nf3 Nf6 2. c4 g6 3. d4 Bg7 4. g3 O-O 5. Bg2 d6 6. O-O Nc6 7. Nc3 Bg4 8. d5
Na5 9. Nd2 c5 10. h3 Bd7 11. Qc2 a6 12. b3 b5 13. Bb2 Rb8 14. e4 e5 15. dxe6
Bxe6 16. cxb5 axb5 17. Nd5 Nc6 18. Nf4 Qb6 19. Nf3 Rfe8 20. Rfe1 Nb4 21. Qd2
Nc6 22. Rad1 Rbd8 23. Qc1 Re7 24. e5 dxe5 25. Rxd8+ Nxd8 26. Nxe5 Nd7 27. Ng4
Qd6 28. Bxg7 Kxg7 29. Rd1 Qa6 30. Nh5+ 1-0

[Event "OPEN A - XVII MIEDZYNARODOWY FESTIWAL SZ"]
[Site "Rewal"]
[Date "2012.??.??"]
[Round "6.5"]
[White "Solnicki, Michal"]
[Black "Klekowski, Maciej"]
[Result "1/2-1/2"]
[WhiteElo "2141"]
[BlackElo "2314"]
[PlyCount "63"]
[EventDate "2012.??.??"]

1. d4 Nf6 2. c4 e6 3. Nf3 d5 4. g3 Be7 5. Bg2 O-O 6. O-O Nbd7 7. Nbd2 b6 8. b3
Bb7 9. Bb2 c5 10. Rc1 Rc8 11. e3 cxd4 12. exd4 Bb4 13. a3 Bd6 14. Rc2 Qe7 15.
Qa1 Rfd8 16. Re1 a5 17. Nh4 Qf8 18. f4 Re8 19. Qc1 Ba8 20. Re3 Ng4 21. Rd3 dxc4
22. bxc4 Nc5 23. Rdc3 Na4 24. Rb3 Bxg2 25. Nxg2 Red8 26. Qd1 h5 27. Ba1 Qe8 28.
Ne3 Nc5 29. Rbc3 Na4 30. Rd3 Nc5 31. Rdc3 Na4 32. Rd3 1/2-1/2

[Event "OPEN A - XVII MIEDZYNARODOWY FESTIWAL SZ"]
[Site "Rewal"]
[Date "2012.??.??"]
[Round "6.6"]
[White "Orzech, Dominik"]
[Black "Musialkiewicz, Jan"]
[Result "0-1"]
[WhiteElo "2407"]
[BlackElo "2231"]
[PlyCount "68"]
[EventDate "2012.??.??"]

1. Nf3 c5 2. g3 Nc6 3. Bg2 e5 4. O-O g6 5. e4 Bg7 6. c4 Nge7 7. Nc3 O-O 8. d3
d6 9. Nd5 Bg4 10. Be3 Nxd5 11. cxd5 Nd4 12. Bxd4 cxd4 13. Qb3 Qb6 14. Rfc1 Rfc8
15. Nd2 Rxc1+ 16. Rxc1 Bh6 17. Rc2 Bd1 18. Qxb6 axb6 19. Rc1 Be2 20. a3 Bxd3
21. Bf3 Bxd2 22. Rd1 Rc8 23. Rxd2 Rc1+ 24. Rd1 Rxd1+ 25. Bxd1 Bxe4 26. Bb3 Bf3
27. Kf1 Kg7 28. Ke1 Kf6 29. Kd2 e4 30. Ba4 Ke5 31. h3 f5 32. Bc6 bxc6 33. dxc6
e3+ 34. fxe3 Bxc6 0-1

[Event "OPEN A - XVII MIEDZYNARODOWY FESTIWAL SZ"]
[Site "Rewal"]
[Date "2012.??.??"]
[Round "6.7"]
[White "Skawinski, Arkadiusz"]
[Black "Sowul, Bartosz"]
[Result "0-1"]
[WhiteElo "2311"]
[BlackElo "2196"]
[PlyCount "34"]
[EventDate "2012.??.??"]

1. e4 g6 2. d4 Bg7 3. Nc3 c5 4. dxc5 Bxc3+ 5. bxc3 Qa5 6. Qd4 Nf6 7. Bd3 Nc6 8.
Qc4 d6 9. Rb1 a6 10. Qb3 dxc5 11. Bd2 O-O 12. Nf3 Bg4 13. Bh6 c4 14. Bxc4 Bxf3
15. gxf3 Nd4 16. Qxb7 Nxf3+ 17. Ke2 Qh5 0-1

[Event "OPEN A - XVII MIEDZYNARODOWY FESTIWAL SZ"]
[Site "Rewal"]
[Date "2012.??.??"]
[Round "6.8"]
[White "Klepaczka, Tomasz"]
[Black "Lewtak, Damian"]
[Result "1-0"]
[WhiteElo "2199"]
[BlackElo "2269"]
[PlyCount "85"]
[EventDate "2012.??.??"]

1. e4 d5 2. exd5 Qxd5 3. Nc3 Qd6 4. Bc4 Nf6 5. d4 e6 6. Nf3 a6 7. Bg5 b5 8.
Bxf6 gxf6 9. Bd3 f5 10. Qe2 Be7 11. O-O-O Bb7 12. Ne5 Nd7 13. f4 Nxe5 14. fxe5
Qb6 15. Qh5 O-O-O 16. Qxf7 Bg5+ 17. Kb1 Be3 18. d5 Bxd5 19. Nxd5 Rxd5 20. Be2
Rhd8 21. Rxd5 Rxd5 22. Rd1 Rxd1+ 23. Bxd1 Bg5 24. a3 Bd8 25. c3 Qc6 26. Bb3
Qe4+ 27. Ka2 Qxe5 28. Bxe6+ Kb7 29. Bxf5 h6 30. Qd7 Bf6 31. Bg4 Qd6 32. Qc8+
Kb6 33. Qb8+ Kc6 34. Qa7 Kd5 35. Bc8 Qc5 36. Qxc5+ Kxc5 37. Bxa6 Kb6 38. Bc8 h5
39. Bd7 h4 40. g3 Be5 41. gxh4 Bxh2 42. b3 c6 43. Kb2 1-0

[Event "OPEN A - XVII MIEDZYNARODOWY FESTIWAL SZ"]
[Site "Rewal"]
[Date "2012.??.??"]
[Round "6.9"]
[White "Banasik, Krzysztof"]
[Black "Dowgird, Filip"]
[Result "1-0"]
[WhiteElo "2269"]
[BlackElo "2121"]
[PlyCount "51"]
[EventDate "2012.??.??"]

1. e4 e6 2. d4 d5 3. e5 c5 4. c3 Bd7 5. Nf3 Qb6 6. Be2 Nc6 7. O-O Nge7 8. dxc5
Qxc5 9. Re1 Ng6 10. Bd3 f6 11. exf6 gxf6 12. Be3 Qa5 13. Nbd2 Bd6 14. c4 O-O-O
15. Nb3 Qc7 16. cxd5 exd5 17. Nbd4 Bb4 18. Rf1 a6 19. Nxc6 Bxc6 20. Bf5+ Kb8
21. Qd4 Qa5 22. a3 Bd6 23. b4 Qb5 24. a4 Qxb4 25. Qa7+ Kc7 26. Rfb1 1-0

[Event "OPEN A - XVII MIEDZYNARODOWY FESTIWAL SZ"]
[Site "Rewal"]
[Date "2012.??.??"]
[Round "6.10"]
[White "Budrewicz, Krzysztof"]
[Black "Adamowicz, Maciej"]
[Result "0-1"]
[WhiteElo "2211"]
[BlackElo "1969"]
[PlyCount "52"]
[EventDate "2012.??.??"]

1. d4 g6 2. c4 Bg7 3. Nc3 c5 4. d5 Bxc3+ 5. bxc3 f5 6. f3 Nf6 7. Qc2 Qa5 8. Bd2
d6 9. e4 O-O 10. exf5 Bxf5 11. Qb3 Nbd7 12. g4 Nxg4 13. fxg4 Be4 14. Nh3 Bxh1
15. O-O-O Bf3 16. Re1 Bxg4 17. Nf4 Ne5 18. h3 Bf5 19. Be2 Qb6 20. Kb2 g5 21.
Rg1 h6 22. Be3 Kh7 23. Ne6 Bxe6 24. dxe6 Qxb3+ 25. axb3 Rf6 26. h4 g4 0-1

[Event "OPEN A - XVII MIEDZYNARODOWY FESTIWAL SZ"]
[Site "Rewal"]
[Date "2012.??.??"]
[Round "6.11"]
[White "Kamieniecki, Tomasz"]
[Black "Mitura, Vaclav"]
[Result "0-1"]
[WhiteElo "1992"]
[BlackElo "2169"]
[PlyCount "84"]
[EventDate "2012.??.??"]

1. d4 d5 2. c4 c6 3. Nc3 Nf6 4. Nf3 dxc4 5. a4 Bf5 6. Ne5 Nbd7 7. Nxc4 Qc7 8.
f3 e5 9. dxe5 Nxe5 10. e4 Be6 11. Nxe5 Qxe5 12. Be3 Bb4 13. Qc2 Nd5 14. Bd2 O-O
15. Be2 Nf4 16. Bxf4 Qxf4 17. O-O Rad8 18. Rad1 h5 19. g3 Qe3+ 20. Kg2 Bxc3 21.
bxc3 Bb3 22. Qxb3 Qxe2+ 23. Kg1 Rxd1 24. Qxd1 Qe3+ 25. Rf2 Qxc3 26. f4 c5 27.
e5 c4 28. Qd5 Qe1+ 29. Kg2 c3 30. Rc2 Rc8 31. Qd3 Rc6 32. Qd8+ Kh7 33. Qd3+ g6
34. Qd5 Kg7 35. Qd4 Kh7 36. Qd5 Rc7 37. Qd3 b6 38. Kh3 a6 39. Kh4 b5 40. Re2
Qxe2 41. Qxe2 c2 42. e6 fxe6 0-1

[Event "OPEN A - XVII MIEDZYNARODOWY FESTIWAL SZ"]
[Site "Rewal"]
[Date "2012.??.??"]
[Round "6.12"]
[White "Andrzejewska, Anna"]
[Black "Janus, Przemyslaw"]
[Result "0-1"]
[WhiteElo "1990"]
[BlackElo "2149"]
[PlyCount "114"]
[EventDate "2012.??.??"]

1. e4 c5 2. Nf3 d6 3. d4 cxd4 4. Nxd4 Nf6 5. Nc3 g6 6. Be3 Bg7 7. Bc4 Nc6 8. f3
O-O 9. Qd2 Nd7 10. O-O-O Nb6 11. Bb3 Na5 12. Qd3 Bd7 13. h4 Rc8 14. h5 Re8 15.
hxg6 hxg6 16. Bh6 Bf6 17. g4 Qc7 18. Qe2 Qc5 19. Be3 Nac4 20. Qh2 Kf8 21. Ne6+
Bxe6 22. Bxc5 Rxc5 23. Rd3 Rec8 24. f4 Bxg4 25. Qg3 Bh5 26. f5 a5 27. a4 Ne5
28. Re3 Nbc4 29. Bxc4 Nxc4 30. Rd3 Nxb2 31. Kxb2 Rxc3 32. Rxc3 Rxc3 33. Qxc3
Kg7 34. Qxf6+ Kxf6 35. Kc3 Bf3 36. Re1 gxf5 37. exf5 Bc6 38. Kb3 Bd7 39. c3
Bxf5 40. Kc4 Bd7 41. Rf1+ Kg7 42. Rb1 Bc6 43. Rg1+ Kf8 44. Kb3 e5 45. c4 Ke7
46. Re1 Ke6 47. Ra1 f5 48. Kc3 f4 49. Ra2 d5 50. cxd5+ Kxd5 51. Rd2+ Kc5 52.
Kb3 e4 53. Rc2+ Kd4 54. Rc4+ Ke3 55. Rc5 f3 56. Rxa5 f2 57. Rf5 Ke2 0-1

[Event "OPEN A - XVII MIEDZYNARODOWY FESTIWAL SZ"]
[Site "Rewal"]
[Date "2012.??.??"]
[Round "6.13"]
[White "Musialkiewicz, Pawel"]
[Black "Paszewski, Mateusz"]
[Result "1-0"]
[WhiteElo "2145"]
[BlackElo "2066"]
[PlyCount "95"]
[EventDate "2012.??.??"]

1. d4 d5 2. c4 c6 3. Nf3 e6 4. e3 Nf6 5. b3 Nbd7 6. Bb2 Bd6 7. Bd3 b6 8. O-O
Bb7 9. Nbd2 O-O 10. Ne5 c5 11. f4 cxd4 12. exd4 Ne4 13. cxd5 exd5 14. Nxe4 dxe4
15. Bc4 Qe7 16. Qe2 a6 17. a4 Kh8 18. Qh5 Kg8 19. Rac1 Rac8 20. Qe2 a5 21. h3
Kh8 22. Qh5 Kg8 23. Qf5 Nf6 24. Bxf7+ Rxf7 25. Rxc8+ Bxc8 26. Qxc8+ Rf8 27. Qc6
Bb4 28. Qc4+ Kh8 29. Bc3 Nh5 30. Nc6 Qh4 31. Bxb4 axb4 32. Qxb4 Re8 33. Qe1 Ng3
34. Rf3 Nf5 35. Qxh4 Nxh4 36. Re3 Nf5 37. Re1 Nd6 38. Kf2 Kg8 39. g4 g6 40. Ke3
Kf7 41. Ne5+ Ke6 42. Rc1 h5 43. Rc6 hxg4 44. hxg4 Kd5 45. Rxb6 Rc8 46. Nc4
Nxc4+ 47. bxc4+ Kxc4 48. Rxg6 1-0

[Event "OPEN A - XVII MIEDZYNARODOWY FESTIWAL SZ"]
[Site "Rewal"]
[Date "2012.??.??"]
[Round "6.14"]
[White "Guzik, Jolanta"]
[Black "Jalowiec, Halina"]
[Result "1-0"]
[WhiteElo "2139"]
[BlackElo "2046"]
[PlyCount "61"]
[EventDate "2012.??.??"]

1. e4 e5 2. Nf3 Nc6 3. Bc4 Be7 4. c3 Nf6 5. Qe2 d6 6. O-O Bg4 7. Bb3 O-O 8. d3
Na5 9. Bc2 c5 10. Nbd2 Rc8 11. Re1 Qc7 12. Nf1 Rfe8 13. Ng3 Nc6 14. h3 Be6 15.
Ng5 Bf8 16. Nxe6 fxe6 17. Bg5 Qf7 18. f4 Qg6 19. Kh2 Nd7 20. Qd2 exf4 21. Bxf4
Nce5 22. Qe2 Qf6 23. Rf1 Qh4 24. Ba4 Re7 25. d4 Nf7 26. Be3 g5 27. Bxd7 Rxd7
28. Nh5 cxd4 29. cxd4 Be7 30. Bf2 Rc2 31. Qxc2 1-0

[Event "OPEN A - XVII MIEDZYNARODOWY FESTIWAL SZ"]
[Site "Rewal"]
[Date "2012.??.??"]
[Round "6.15"]
[White "Miturova, Magdalena"]
[Black "Swiderski, Radoslaw"]
[Result "1/2-1/2"]
[WhiteElo "2139"]
[BlackElo "1934"]
[PlyCount "57"]
[EventDate "2012.??.??"]

1. e4 c5 2. Nf3 d6 3. d4 cxd4 4. Nxd4 Nf6 5. Nc3 Nc6 6. Be2 g6 7. Be3 Bg7 8.
O-O O-O 9. Nb3 Be6 10. f4 Qc8 11. Kh1 Rd8 12. Bf3 Bc4 13. Rf2 b5 14. Nd5 e6 15.
Nxf6+ Bxf6 16. c3 b4 17. cxb4 Nxb4 18. Rd2 Rb8 19. Bxa7 Rb7 20. Be3 Nxa2 21.
Nd4 e5 22. fxe5 dxe5 23. Ne2 Bb3 24. Rxd8+ Bxd8 25. Qe1 Qc2 26. Qd2 Qxd2 27.
Bxd2 Rd7 28. Be1 Kg7 29. Nc1 1/2-1/2